000 00491nam a22001817a 4500
003 0
005 20230619103138.0
008 230619b xxu||||| |||| 00| 0 eng d
020 _a978-971-9968-70-2
082 _aFil. 398.20996
_b.Se438 2013
245 _aSea Mysteries
_cSmith, Sian
260 _aQuezon City
_bC&E Publishing, Inc.
_cc2013
300 _a34pp.
_bcol. ill.
_c26cm.
500 _aLegends-Sea.
500 _aFolklore.
504 _aIncludes indexes.
942 _2ddc
_cBK
999 _c365011
_d365011